Digest of Chinese studies.

Bibliographic Details
Corporate Author: American Association for Chinese Studies
Format: Journal
Language:English
Published: Columbus, Ohio : American Association for Chinese Studies, [1986-]
Subjects:
Online Availability: Check for online availability

MARC

Tag First Indicator Second Indicator Subfields
LEADER 00000cas a2200000 a 4500
001 in00001031521
005 20150928153720.0
008 890512c19869999ohuar1p 0 a0eng n
010 |a  90660316   |z sn 89013222  
022 0 |a 1053-5977 
035 |a (OCoLC)19697272 
035 |9 AFH6177AM 
040 |c NST  |d FUG  |d DLC  |d NSD  |d HUL  |d NST  |d DLC  |d NST  |d UtOrBLW 
042 |a lc  |a nsdp 
043 |a a-cc--- 
049 |a TXAE 
050 0 0 |a DS701  |b .D54 
210 0 |a Dig. Chine. stud. 
222 0 |a Digest of Chinese studies 
245 0 0 |a Digest of Chinese studies. 
264 1 |a Columbus, Ohio :  |b American Association for Chinese Studies,  |c [1986-] 
264 4 |c ©1986- 
300 |a volumes ;  |c 23 cm. 
310 |a Annual 
336 |a text  |b txt  |2 rdacontent 
337 |a unmediated  |b n  |2 rdamedia 
338 |a volume  |b nc  |2 rdacarrier 
362 0 |a 1986- 
500 |a Description based on 1988. 
500 |a Continues a trial issue which has been separately cataloged as a monograph by LC, and which is called: Digest of social science research on China. 
651 0 |a China  |x Periodicals. 
710 2 |a American Association for Chinese Studies. 
730 0 |a Digest of social science research on China. 
999 |a MARS 
999 f f |s 2dc7521f-af03-385a-a162-4717c4a20a9c  |i 0087952e-ec83-3a6b-a61c-e2071f8ea3c1  |t 0 
952 f f |p ric  |a Texas A&M University  |b Rellis Campus  |c Joint Library Facility  |d Remote Storage  |t 0  |e DS701 .D54  |h Library of Congress classification  |i unmediated -- volume  |l 1994  |m A14821342935 
952 f f |p ric  |a Texas A&M University  |b Rellis Campus  |c Joint Library Facility  |d Remote Storage  |t 0  |e DS701 .D54  |h Library of Congress classification  |i unmediated -- volume  |l 1993  |m A14821342888 
952 f f |p ric  |a Texas A&M University  |b Rellis Campus  |c Joint Library Facility  |d Remote Storage  |t 0  |e DS701 .D54  |h Library of Congress classification  |i unmediated -- volume  |l 1988  |m A14815385721 
952 f f |p ric  |a Texas A&M University  |b Rellis Campus  |c Joint Library Facility  |d Remote Storage  |t 0  |e DS701 .D54  |h Library of Congress classification  |i unmediated -- volume  |l 1991  |m A14817370201 
952 f f |p ric  |a Texas A&M University  |b Rellis Campus  |c Joint Library Facility  |d Remote Storage  |t 0  |e DS701 .D54  |h Library of Congress classification  |i unmediated -- volume  |l 1992  |m A14821342838 
952 f f |p ric  |a Texas A&M University  |b Rellis Campus  |c Joint Library Facility  |d Remote Storage  |t 0  |e DS701 .D54  |h Library of Congress classification  |i unmediated -- volume  |l 1989  |m A14815385771 
998 f f |a DS701 .D54  |s 1988-1989,1991-1994  |t 0  |l Remote Storage